Metro de São Paulo - Statistics

General Stats
  • This quiz has been taken 304 times
  • The average score is 46 of 83
Answer Stats
Answer % Correct
Luz
88%
Luz
88%
84%
84%
Corinthians Itaquera
82%
Palmeiras Barra Funda
82%
Japão Liberdade
79%
Jabaquara
77%
Tucuruví
76%
Ana Rosa
73%
Ana Rosa
73%
Paulista
73%
Brás
72%
Paraíso
71%
Paraíso
71%
São Paulo Morumbi
70%
Consolação
69%
Portuguesa Tiête
69%
República
69%
República
69%
Brigadeiro
67%
Pinheiros
64%
Trianon Masp
64%
Vila Madalena
64%
Vila Mariana
63%
Chácara Klabin
62%
Chácara Klabin
62%
Santana
62%
Tatuapé
62%
Vila Sônia
62%
Vila Prudente
61%
Bresser Mooca
60%
Santa Cruz
58%
Santa Cruz
58%
Armênia
57%
Capão Redondo
57%
Carrão
57%
Higienópolis Mackenzie
57%
Faria Lima
56%
São Bento
56%
Saúde
56%
Artur Alvim
53%
São Joaquim
53%
Belém
51%
Butantã
51%
Carandiru
51%
Santa Cecília
51%
Vergueiro
51%
Oscar Freire
50%
Praça da Árvore
50%
Santos Imigrantes
49%
Anhangabaú
48%
Penha
48%
AACD Servidor
47%
Clínicas
47%
Sacomã
47%
Tiradentes
47%
Fradique Coutinho
46%
Parada Inglesa
46%
Santo Amaro
45%
São Judas
45%
Marechal Deodoro
44%
Moema
44%
Pedro II
44%
Vila Matilde
44%
Alto do Ipiranga
43%
Tamanduateí
43%
Conceição
42%
Sumaré
42%
Campo Limpo
40%
Jardim São Paulo Airton Senna
39%
Brooklin
38%
Guilhermina Esperança
38%
Patriarca
36%
Eucaliptos
35%
Borba Gato
32%
Hospital São Paulo
31%
Campo Belo
29%
Largo Treze
27%
Giovanni Gronchi
26%
Vila das Belezas
26%
Alto da Boa Vista
23%
Adolfo Pinheiro
21%
No matching quizzes found
Score Distribution
Percent of People with Each Score
Percentile by Number Answered
Your Score History
You have not taken this quiz